000 00939nam a2200241Ia 4500
003 OSt
005 20220923220822.0
006 a|||||r|||| 00| 0
007 ta
008 220922b |||||||| |||| 00| 0 hin d
024 _a190,885
037 _cTextual
040 _aARTS
_cARTS
_bhin
041 _2hin
_ahin
082 _aR65, 152L1
100 _aमलकानी, घनश्यामदास रतनमल
_9163068
245 0 _aवेदान्त ज्ञान मीमांसा, अनु शत्रुसुदन प्रसाद पाण्डेय
246 _aVedānta jnyān mīmāansā, anu0 shatrusudan prasād pāṇḍeya
260 _aभोपाल
_b मध्यप्रदेश अकादमी
_c1973
300 _a123पृ.
_ccm.
942 _hR65, 152L1
_cTEXL
_2CC
999 _c343611
_d343611